<?xml version="1.0" encoding="UTF-8"?>
<collection xmlns="http://www.loc.gov/MARC21/slim">
 <record>
  <leader>01206nam a2200385   4500</leader>
  <controlfield tag="001">DLU070061475</controlfield>
  <controlfield tag="005">##20071228</controlfield>
  <controlfield tag="008">##020429s2002    cau      b    000 0 eng  </controlfield>
  <datafield tag="010" ind1="#" ind2="#">
   <subfield code="a">  2002006596</subfield>
  </datafield>
  <datafield tag="020" ind1="#" ind2="#">
   <subfield code="a">0787962716</subfield>
  </datafield>
  <datafield tag="040" ind1="#" ind2="#">
   <subfield code="a">DLC</subfield>
   <subfield code="c">DLU</subfield>
   <subfield code="d">DLU</subfield>
  </datafield>
  <datafield tag="042" ind1="#" ind2="#">
   <subfield code="a">pcc</subfield>
  </datafield>
  <datafield tag="050" ind1="#" ind2="#">
   <subfield code="a">BM532</subfield>
   <subfield code="b">.B84 2002</subfield>
  </datafield>
  <datafield tag="082" ind1="#" ind2="#">
   <subfield code="a">296.19</subfield>
   <subfield code="b">BU-Y</subfield>
  </datafield>
  <datafield tag="100" ind1="#" ind2="#">
   <subfield code="a">Buxbaum, Yitzhak.</subfield>
  </datafield>
  <datafield tag="245" ind1="#" ind2="#">
   <subfield code="a">Jewish tales of holy women /</subfield>
   <subfield code="c">Yitzhak Buxbaum.</subfield>
  </datafield>
  <datafield tag="250" ind1="#" ind2="#">
   <subfield code="a">1st ed.</subfield>
  </datafield>
  <datafield tag="260" ind1="#" ind2="#">
   <subfield code="a">San Francisco :</subfield>
   <subfield code="b">Jossey-Bass,</subfield>
   <subfield code="c">c2002.</subfield>
  </datafield>
  <datafield tag="300" ind1="#" ind2="#">
   <subfield code="a">xxv, 301 p. ;</subfield>
   <subfield code="c">20 cm.</subfield>
  </datafield>
  <datafield tag="504" ind1="#" ind2="#">
   <subfield code="a">Includes bibliographical references (p. 271-295).</subfield>
  </datafield>
  <datafield tag="650" ind1="#" ind2="#">
   <subfield code="a">Legends, Jewish.</subfield>
  </datafield>
  <datafield tag="650" ind1="#" ind2="#">
   <subfield code="a">Zaddikot</subfield>
   <subfield code="v">Legends.</subfield>
  </datafield>
  <datafield tag="856" ind1="#" ind2="#">
   <subfield code="3">Table of contents</subfield>
   <subfield code="u">http://www.loc.gov/catdir/toc/wiley023/2002006596.html</subfield>
  </datafield>
  <datafield tag="856" ind1="#" ind2="#">
   <subfield code="3">Contributor biographical information</subfield>
   <subfield code="u">http://www.loc.gov/catdir/bios/wiley044/2002006596.html</subfield>
  </datafield>
  <datafield tag="856" ind1="#" ind2="#">
   <subfield code="3">Publisher description</subfield>
   <subfield code="u">http://www.loc.gov/catdir/description/wiley037/2002006596.html</subfield>
  </datafield>
  <datafield tag="923" ind1="#" ind2="#">
   <subfield code="a">25/2007</subfield>
  </datafield>
  <datafield tag="992" ind1="#" ind2="#">
   <subfield code="a">32600</subfield>
  </datafield>
  <datafield tag="994" ind1="#" ind2="#">
   <subfield code="a">DLU</subfield>
  </datafield>
  <datafield tag="900" ind1="#" ind2="#">
   <subfield code="a">True</subfield>
  </datafield>
  <datafield tag="911" ind1="#" ind2="#">
   <subfield code="a">Trương Bảo Trâm Anh</subfield>
  </datafield>
  <datafield tag="925" ind1="#" ind2="#">
   <subfield code="a">G</subfield>
  </datafield>
  <datafield tag="926" ind1="#" ind2="#">
   <subfield code="a">A</subfield>
  </datafield>
  <datafield tag="927" ind1="#" ind2="#">
   <subfield code="a">SH</subfield>
  </datafield>
  <datafield tag="980" ind1="#" ind2="#">
   <subfield code="a">Thư viện Trường Đại học Đà Lạt</subfield>
  </datafield>
 </record>
</collection>
